000 00555nam a2200193Ia 4500
003 GCL
008 140319s9999 xx 000 0 ara d
040 _aGCL /
_cGCL
082 0 4 _a649.1
_bت م
100 1 _aتينابروس
245 1 0 _aمنهج الانشطة السليم يصلح لجميع الاطفال /
_cتينابروس
700 1 _aسلوى الملا(ترجمة)
260 _a[S.N] :
_bدار الشروق ،
_c1992
300 _a45 ص
490 _a
650 0 4 _aالاطفال
650 0 4 _aعلم النفس
942 _2ddc
_cBK
999 _c29130
_d29130